CORPORATE GOVERNANCE (Record no. 26675)

000 -LEADER
fixed length control field 00376nam a2200169Ia 4500
003 - CONTROL NUMBER IDENTIFIER
control field OSt
005 - DATE AND TIME OF LATEST TRANSACTION
control field 20250801105227.0
008 - FIXED-LENGTH DATA ELEMENTS--GENERAL INFORMATION
fixed length control field 200615s9999||||xx |||||||||||||| ||und||
040 ## - CATALOGING SOURCE
Transcribing agency MUIT
082 ## - DEWEY DECIMAL CLASSIFICATION NUMBER
Classification number 650
Item number COR-A
100 ## - MAIN ENTRY--PERSONAL NAME
Personal name ARYA,PP
245 #0 - TITLE STATEMENT
Title CORPORATE GOVERNANCE
250 ## - EDITION STATEMENT
Edition statement 1ST
260 ## - PUBLICATION, DISTRIBUTION, ETC.
Place of publication, distribution, etc. NEW DELHI
Name of publisher, distributor, etc. DEEP PUBLICATION
Date of publication, distribution, etc. 2018
300 ## - PHYSICAL DESCRIPTION
Extent 422
942 ## - ADDED ENTRY ELEMENTS (KOHA)
Koha item type Book
Source of classification or shelving scheme
Holdings
Withdrawn status Lost status Damaged status Not for loan Collection code Permanent Location Current Location Shelving location Date acquired Total Checkouts Full call number Barcode Date last seen Date last checked out Price effective from Koha item type
        School of Management Maharishi School of Business & Management (Lucknow) Maharishi School of Business & Management (Lucknow) R40S3 2020-06-15 3 658 SOM0481 2024-03-01 2024-02-15 2020-06-15 Book

All Rights Reserved@MUIT

Powered by Koha